Consumer response on X2 coloured contact lens (A case study at PT alergan inti Indonessia in Jakarta as the of X2 coloured contact lens distributor) /
Na minha lista:
| Autor principal: | |
|---|---|
| Formato: | Artigo |
| Idioma: | Vietnamese |
| Assuntos: | |
| Tags: |
Adicionar Tag
Sem tags, seja o primeiro a adicionar uma tag!
|
| Thư viện lưu trữ: | Thư viện Trường Đại học Đà Lạt |
|---|
| LEADER | 00856nam a2200265 4500 | ||
|---|---|---|---|
| 001 | DLU120144801 | ||
| 005 | ##20121214 | ||
| 040 | # | # | |a DLU |b vie |
| 041 | # | # | |a vie |
| 044 | # | # | |a vn |
| 100 | # | # | |a Haryono, Budi. |
| 245 | # | # | |a Consumer response on X2 coloured contact lens (A case study at PT alergan inti Indonessia in Jakarta as the of X2 coloured contact lens distributor) / |c Budi Haryono. |
| 653 | # | # | |a Brand management |
| 653 | # | # | |a Consumer behavior |
| 653 | # | # | |a Marketing |
| 773 | # | # | |t Tạp chí Khoa học Kinh tế và kinh doanh |g Số 5(25), 2009, tr. 46-63 |
| 920 | # | # | |a Phòng Tạp chí -- Trung tâm Thông tin - Thư viện Trường Đại học Đà Lạt |
| 994 | # | # | |a DLU |
| 900 | # | # | |a True |
| 911 | # | # | |a Nguyễn Thị Linh Chi |
| 925 | # | # | |a G |
| 926 | # | # | |a A |
| 927 | # | # | |a BB |
| 980 | # | # | |a Thư viện Trường Đại học Đà Lạt |